000 00229nam a2200097Ia 4500
008 240331s9999 xx 000 0 und d
082 _bDEV
100 _aIRED. ed
245 0 _aDevelopment NGOs of Sri lanka :
_b directory
942 _cL
999 _c3260
_d3260